Clinical Gynecology/ (Record no. 206053)
[ view plain ]
| 000 -LEADER | |
|---|---|
| fixed length control field | 00714nam a2200217 4500 |
| 005 - DATE AND TIME OF LATEST TRANSACTION | |
| control field | 20241001143122.0 |
| 010 ## - LCCN (DPL NO) | |
| LC control number | ENG-141820 |
| 020 ## - INTERNATIONAL STANDARD BOOK NUMBER | |
| Terms of availability | 1500.00 |
| International Standard Book Number | 9789386235237 |
| 035 ## - SYSTEM CONTROL NUMBER | |
| System control number | EN-125352 |
| 037 ## - SOURCE OF ACQUISITION | |
| Source of stock number/acquisition | DBAD |
| 082 ## - DEWEY DECIMAL CLASSIFICATION NUMBER | |
| Classification number | 618.076 |
| Edition number | 5 |
| 100 ## - MAIN ENTRY--PERSONAL NAME | |
| Personal name | Rao, Bhaskar |
| 245 ## - TITLE STATEMENT | |
| Title | Clinical Gynecology/ |
| Statement of responsibility, etc | By Bhaskar Rao; Roy Choudhury's [and] Edited By S Rathnakumar |
| 250 ## - EDITION STATEMENT | |
| Edition statement | 5 |
| 260 ## - PUBLICATION, DISTRIBUTION, ETC. (IMPRINT) | |
| Place of publication, distribution, etc | Hyderabad |
| Name of publisher, distributor, etc | Universities Press (India) Pvt. Ltd. |
| Date of publication, distribution, etc | 2019 |
| 270 ## - ADDRESS | |
| Address | 3-6-747/A & 3-6-754/1, Himayatnagar |
| City | Hyderabad |
| Postal code | 500029 |
| 300 ## - PHYSICAL DESCRIPTION | |
| Extent | vi,402p. |
| Dimensions | 28cm(pb) |
| 700 ## - ADDED ENTRY--PERSONAL NAME | |
| Personal name | Choudhury's, Roy |
| Relator term | Author |
| 9 (RLIN) | 72267 |
| 700 ## - ADDED ENTRY--PERSONAL NAME | |
| Personal name | Rathnakumar, S |
| Relator term | Edited |
| 9 (RLIN) | 72268 |
| 942 ## - ADDED ENTRY ELEMENTS (KOHA) | |
| Source of classification or shelving scheme | Dewey Decimal Classification |
| Item type | English Books |
| Classification part | 618.076 |
| Call number suffix | RAO |
| Edition | 5 |
| Withdrawn status | Lost status | Not for loan | Collection code | Home library | Current library | Date acquired | Source of acquisition | Cost, normal purchase price | Full call number | Barcode | Copy number | Cost, replacement price | Koha item type |
|---|---|---|---|---|---|---|---|---|---|---|---|---|---|
| Non-fiction | Bawana | Bawana | 01/10/2024 | Delivery of Books Act Division | 1500.00 | 618.076 RAO | EN-125352 | 1 | 1500.00 | English Books |
